|
|
|
|
| LEADER |
00822nam a2200193 a 4500 |
| 001 |
00017822 |
| 008 |
100725s2004 bg 000 0 eng d |
| 020 |
|
|
|a 984858403X
|
| 040 |
|
|
|a BD-DhAAL
|c BD-DhAAL
|d BD-DhAAL
|
| 082 |
0 |
0 |
|a 302.23/095492
|2 22
|
| 100 |
1 |
|
|a Ahmed,Munawir.
|
| 245 |
1 |
0 |
|a Media monitoring Report :
|b response of local government on governance issue publisshed in the local press /
|c Munawir Ahmed.
|
| 260 |
|
|
|a Dhaka :
|b Mas-line Media Centre,
|c 2004
|
| 300 |
|
|
|a 107 p. :
|b ill. ;
|c 22 cm.
|
| 541 |
1 |
|
|e 00020080
|
| 650 |
|
0 |
|a Mass media
|x Political aspects
|z Bangladesh
|
| 852 |
4 |
|
|a Ayesha Abed Library
|j General shelf
|
| 999 |
|
|
|c 9367
|d 9367
|
| 952 |
|
|
|0 0
|1 0
|2 ddc
|4 0
|6 302_230000000000000_095492_AHM_2004
|7 0
|9 11861
|a BRACUL
|b BRACUL
|c GEN
|d 2010-09-20
|l 1
|m 6
|o 302.23095492 AHM
|p 3010020080
|r 2019-02-20
|s 2018-11-29
|t 1
|w 2010-09-20
|y BK
|